[Event "Edward Lasker Memorial 100th"]
[Site "New York"]
[Date "2016.12.09"]
[Round "1"]
[White "Brodsky, David"]
[Black "Barutcu, Baris"]
[Result "1-0"]
[WhiteElo "2347"]
[BlackElo "2012"]
[PlyCount "119"]
[EventDate "2016.12.09"]
[EventType "swiss"]
[EventRounds "9"]
[EventCountry "USA"]
[SourceTitle "EXT 2018"]
[Source "ChessBase"]
[SourceDate "2017.10.13"]
[SourceVersion "1"]
[SourceVersionDate "2017.10.13"]
[SourceQuality "1"]

1. e4 c5 2. Nf3 Nc6 3. d4 cxd4 4. Nxd4 d6 5. c4 Nf6 6. Nc3 e6 7. Be2 Be7 8. 0-0 0-0 9. Be3 a6 10. Qd2 Bd7 11. Nb3 Qc7 12. f4 Kh8 13. Rac1 Na5 14. Nxa5 Qxa5 15. b4 Qc7 16. Bd4 e5 17. Be3 exf4 18. Rxf4 Rae8 19. Bd4 Qd8 20. Rcf1 Be6 21. Qb2 Nd7 22. Nd5 Ne5 23. Nxe7 Qxe7 24. c5 f6 25. cxd6 Qxd6 26. Bc5 Qb8 27. Bxf8 Rxf8 28. R4f2 b5 29. Rd1 Rd8 30. Rff1 Qb6+ 31. Kh1 h6 32. Rxd8+ Qxd8 33. Rd1 Qc7 34. Qd2 Kh7 35. a3 Qc6 36. h3 Qc7 37. Qc1 Qb6 38. Qc5 Qb7 39. Rd4 Qb8 40. Rd6 Qe8 41. Rxa6 Bd7 42. a4 bxa4 43. b5 Qg6 44. Rxa4 Qg3 45. Qg1 Qb3 46. Ra7 Qb2 47. Qf1 Qd4 48. Rc7 Kh8 49. Qb1 Qb6 50. Rc2 Be6 51. Qg1 Qb7 52. Qd4 Kh7 53. b6 Nc6 54. Qd6 Bxh3 55. Qxc6 Qb8 56. gxh3 Qg3 57. Qc3 Qf4 58. Qf3 Qb8 59. Qf5+ g6 60. Qd7+ 1-0